000 01722cam a2200565 i 4500
001 22928
003 KOSZ 005
005 20240423140903.0
008 240422s1985 pl g 000 0 pol
015 _aUWD 1985/871
020 _a8307009766
035 _a991008096899705066
035 _a(PL-WaBN)b12083938-48omnis_nlop
035 _ab12083938
035 _a(OCoLC)69494075
035 _azz2005989466
035 _a(PL)b0000001208393
035 _a(EXLNZ-48OMNIS_NETWORK)9910021953005606
040 _aWA N
_cWA N
_dKOSZ 005/RW
045 _bd0801
_bd1600
046 _k1958
080 _a94(438).01/.04
100 1 _aJasienica, Paweł
_d(1909-1970)
_eAutor
245 1 0 _aMyśli o dawnej Polsce /
_cPaweł Jasienica.
250 _aWydanie 4.
260 _aWarszawa :
_b"Czytelnik",
_c1985.
300 _a283, [4] strony ;
_c20 cm.
336 _aTekst
_btxt
_2rdacontent
337 _aBez urządzenia pośredniczącego
_bn
_2rdamedia
338 _aWolumin
_bnc
_2rdacarrier
380 _aKsiążki
380 _aPublikacje popularnonaukowe
388 1 _a1901-2000
388 1 _a1945-1989
648 7 _a801-900
_2DBN
648 7 _a 901-1000
_2DBN
648 7 _a1001-1100
_2DBN
648 7 _a1101-1200
_2DBN
648 7 _a1201-1300
_2DBN
648 7 _a1301-1400
_2DBN
648 7 _a1401-1500
_2DBN
648 7 _a1501-1600
_2DBN
651 7 _aPolska
_2DBN
655 7 _aOpracowanie
658 _aHistoria
710 2 _aCzytelnik
_4pbl
856 _uhttps://koha.tu.koszalin.pl/cgi-bin/koha/opac-detail.pl?biblionumber=22928
_yKatalog online BPK
942 _2UKD
_cKS
999 _c22928
_d22928